Представление документа в формате RUSMARC

ПолеНазваниеЗначение
  Тип записи a
  Библиографический уровень c
001 Контрольный номер RU/IS/BASE/486044971
005 Дата корректировки 20260220113909.1
010 Индекс ISBN __
d Цена 4000-00
100 Данные общей обработки __
a Данные общей обработки 20260220d1993 dm y0rusy028902 ca
101 Язык документа 0_
a Язык текста rus
c Язык оригинала nnn
102 Страна публикации __
a Страна публикации RU
105 Кодированные данные (монография) __
a Кодированные данные (монография) y z 000zy
181 Поле кодированных данных: вид содержания _0
a Код вида содержания (ISBD) i
182 Поле кодированных данных: тип средства _0
a Код типа средства (ISBD) n
200 Заглавие и сведения об ответственности 0_
a Заглавие Сказочная древность Эллады: Мифы Древней Греции
f Первые сведения об ответственности Зелинский Ф. Ф. ; составитель, вступительная статья Г. Ч. Гусейнова
203 Вид содержания и тип средства __
a Вид содержания Текст
c Тип средства непосредственный
210 Выходные данные 1_
a Место издания Москва
c Издательство Моск. рабочий
d Дата издания 1993
215 Физическое описание __
a Объем 382 с.
c Иллюстрации/тип воспроизводства ил.
327 Примечание о содержании 0_
a Примечание о содержании Мифы Древней Греции
606 Тематические рубрики __
a Основная рубрика Фольклор
y Географическая подрубрика Греция
2 Код системы nlr_sh
606 Тематические рубрики __
a Основная рубрика Фольклор зарубежных стран
2 Код системы nlr_sh
y Географическая подрубрика Древняя Греция
610 Ключевые слова 0_
a Ключевые слова мифы
610 Ключевые слова 0_
a Ключевые слова древнегреческие мифы
610 Ключевые слова 0_
a Ключевые слова мифы Древней Греции
610 Ключевые слова 0_
a Ключевые слова древнегреческая мифология
610 Ключевые слова 0_
a Ключевые слова мифологические герои
610 Ключевые слова 0_
a Ключевые слова мифологические боги
610 Ключевые слова 0_
a Ключевые слова древнегреческие герои
610 Ключевые слова 0_
a Ключевые слова древнегреческие боги
610 Ключевые слова 0_
a Ключевые слова древнегреческий эпос
686 Индексы других классификаций __
a Классификационный индекс 84.2
2 Код системы rubbks
700 Автор _1
a Фамилия Зелинский
b Имя Ф. Ф.
4 Код отношения 070
f Даты 1859-1944
g Полное личное имя Фаддей Францевич
702 Вторичная интеллектуальная ответственность _1
a Фамилия Гусейнов
b Имя Г. Ч.
4 Код отношения 220
4 Код отношения 080
801 Источник записи _0
a Страна RU
b Организация Муниципальное бюджетное учреждение культуры "Централизованная библиотечная система" г. Сургут (Центральная городская библиотека им. А. С. Пушкина)
g Правила каталогизации PSBO
801 Источник записи _1
a Страна RU
b Организация Муниципальное бюджетное учреждение культуры "Централизованная библиотечная система" г. Сургут (Центральная городская библиотека им. А. С. Пушкина)
g Правила каталогизации PSBO
852 Данные о местонахождении __
j Шифр хранения 84.2
c Каталожный индекс 84.2
i Авторский знак З-49
p Инвентарный номер 49765
901 Тип документа __
a Ответственный ЦДБ/Симакова
t Тип документа x
901 Тип документа __
a Ответственный СКБР2026
903 Характеристики (МАРС) __
a Дата передачи 20060616
c Наименование библиотеки (МАРС) Муниципальное бюджетное учреждение культуры "Централизованная библиотечная система" г. Сургут (Центральная городская библиотека им. А. С. Пушкина)
969 Тип издания __
a Тип издания сборник
990 Данные о заказе (DOS) __
j Количество экземпляров (DOS) 1
t N записи в КСУ для И/У (DOS) 199401